000 004360000a22001810004500
003 MACL
005 20150916124917.0
008 150916b xxu||||| |||| 00| 0 eng d
040 _aMACL
_cMACL
041 _aEnglish
082 _a823/SAR
100 _aSarna, Mohinder Singh
_911553
245 _aInheritors Of a New Age
260 _bSahitya Academy
_c2005
_aDelhi
350 _a60
650 _aFiction
_911554
942 _cBK
_k823
_2ddc
999 _c2063
_d2063